[Event "Sparkassen-Open A"]
[Site "Heusenstamm, Martinsee"]
[Date "2016.11.27"]
[Round "7.66"]
[White "Niedenthal, Robert"]
[Black "Skarke, Harald"]
[Result "1/2-1/2"]
[WhiteElo "1744"]
[BlackElo "2013"]
[PlyCount "72"]
[EventDate "2016.??.??"]
[WhiteTeam "SV Hofheim"]
[BlackTeam "SF Neuberg"]

1. c4 c5 2. g3 Nc6 3. Nf3 g6 4. Bg2 Bg7 5. Nc3 d6 6. O-O Nf6 7. d3 O-O 8. a3
Bg4 9. h3 Bd7 10. Rb1 Qc8 11. Kh2 Rb8 12. Bg5 Re8 13. Qc1 a6 14. b4 b6 15. b5
Nd8 16. a4 a5 17. Bd2 Ne6 18. e3 Nh5 19. Nd5 Nc7 20. Ng1 Nxd5 21. Bxd5 e6 22.
Bg2 e5 23. Bd5 Be6 24. Bc6 Rf8 25. e4 f5 26. exf5 gxf5 27. Bh6 f4 28. Bxg7 Kxg7
29. g4 Nf6 30. f3 Qd8 31. Qe1 Ng8 32. Ne2 Bf7 33. Nc3 Ne7 34. Be4 Rh8 35. Rg1
Ng6 36. Rb2 Qe7 1/2-1/2

[Event "Sparkassen-Open A"]
[Site "Heusenstamm, Martinsee"]
[Date "2016.11.27"]
[Round "7.67"]
[White "Krastev, Alexander"]
[Black "Wüstehube, Harry"]
[Result "0-1"]
[WhiteElo "1981"]
[BlackElo "1884"]
[PlyCount "88"]
[EventDate "2016.??.??"]
[WhiteTeam "Biebertaler SF"]
[BlackTeam "Kasseler SK"]

1. e4 d6 2. d4 Nf6 3. Nc3 g6 4. f4 Bg7 5. Nf3 O-O 6. Bd3 Na6 7. O-O c5 8. d5
Bg4 9. Be2 Nc7 10. Nd2 Qd7 11. a4 b6 12. h3 Bxe2 13. Qxe2 a6 14. Nc4 Rab8 15.
Rd1 b5 16. Na5 b4 17. Nb1 e6 18. c4 Rbe8 19. Qd3 exd5 20. exd5 Ne4 21. Ra2 Bd4+
22. Kh2 Nf2 23. Qf3 Nxd1 24. Qxd1 Qf5 25. Nd2 Qxf4+ 26. Kh1 Qg3 27. Nf3 Re4 28.
Nc6 Rfe8 29. Bd2 Be3 30. b3 Bxd2 31. Qxd2 Re1+ 32. Ng1 Qe3 33. Qxe3 R8xe3 34.
Rb2 Rc1 35. Kh2 Rcc3 36. Na5 Ne8 37. Ne2 Rcd3 38. Nf4 Rd1 39. Ne2 Re1 40. Ng3
f5 41. Rf2 h5 42. h4 Nf6 43. Rf3 Kf7 44. Nb7 Ke7 0-1

[Event "Sparkassen-Open A"]
[Site "Heusenstamm, Martinsee"]
[Date "2016.11.27"]
[Round "7.68"]
[White "Schindelmeiser, Frank"]
[Black "Jennewein, Norbert"]
[Result "1/2-1/2"]
[WhiteElo "1981"]
[BlackElo "1877"]
[PlyCount "57"]
[EventDate "2016.??.??"]
[WhiteTeam "SV Oberursel"]
[BlackTeam "SC Fehrbach"]

1. c4 e5 2. g3 Nf6 3. Nc3 Bb4 4. Nd5 Nxd5 5. cxd5 O-O 6. Bg2 d6 7. a3 Bc5 8. b4
Bb6 9. Bb2 f5 10. e3 Nd7 11. Ne2 Nf6 12. d4 e4 13. Qb3 Qe8 14. a4 a5 15. b5 Qf7
16. Nf4 Re8 17. h4 g6 18. Bf1 Bd7 19. Rc1 Rab8 20. Bc4 h6 21. Ke2 Kh7 22. Qa2
Re7 23. Bb3 Qg8 24. Ba3 Qe8 25. Rc2 Rc8 26. Qa1 Nh5 27. Ne6 Ng7 28. Nf4 Nh5 29.
Ne6 1/2-1/2

[Event "Sparkassen-Open A"]
[Site "Heusenstamm, Martinsee"]
[Date "2016.11.27"]
[Round "7.69"]
[White "Karthik, Thrish"]
[Black "Rudolph, Lukas"]
[Result "0-1"]
[WhiteElo "1689"]
[BlackElo "1874"]
[PlyCount "152"]
[EventDate "2016.??.??"]
[WhiteTeam "vereinslos"]
[BlackTeam "SK Niederbrechen"]

1. e4 d5 2. exd5 Qxd5 3. Nc3 Qa5 4. d4 c6 5. Nf3 Nf6 6. Bf4 Bf5 7. Bd3 Bxd3 8.
Qxd3 e6 9. O-O Be7 10. a3 O-O 11. b4 Qd8 12. Rad1 Nbd7 13. Ne2 a5 14. Qb3 axb4
15. axb4 Nd5 16. Bd2 Qc7 17. c4 N5f6 18. Bf4 Bd6 19. Bxd6 Qxd6 20. Ng3 Ra7 21.
Ra1 Rfa8 22. Rxa7 Rxa7 23. Rd1 b5 24. Rc1 g6 25. h3 Ra4 26. c5 Qd5 27. Qc3 Qa2
28. Ng5 Qa3 29. Qxa3 Rxa3 30. Rb1 Nd5 31. N3e4 h6 32. Nf3 Ra4 33. Nd6 Nxb4 34.
Nc8 Kf8 35. Nb6 Nxb6 36. cxb6 Na6 37. Ne5 Nb8 38. Rc1 Ra6 39. Nxc6 Rxb6 40.
Nxb8 Rxb8 41. Kf1 b4 42. Ke2 Ke7 43. Kd3 Kd6 44. Rb1 Kd5 45. f4 b3 46. Rb2 Rb4
47. Kc3 Rxd4 48. Rf2 Rc4+ 49. Kxb3 Rc7 50. Re2 Kd4 51. Kb4 Rb7+ 52. Ka5 Kd3 53.
Re1 Rb2 54. Rd1+ Ke4 55. Rd7 Kxf4 56. Rxf7+ Ke5 57. Rh7 Rxg2 58. Rxh6 Kf4 59.
Kb4 Rg3 60. Kc4 e5 61. Kd5 Rd3+ 62. Kc4 Rd4+ 63. Kc5 g5 64. Rf6+ Ke4 65. Rf1
Rd3 66. Rh1 Kf4 67. Kc4 e4 68. h4 g4 69. h5 g3 70. h6 g2 71. Rh4+ Kg5 72. h7
g1=Q 73. h8=Q Qc1+ 74. Kb4 Qb1+ 75. Ka4 Qa2+ 76. Kb5 Qb3+ 0-1

[Event "Sparkassen-Open A"]
[Site "Heusenstamm, Martinsee"]
[Date "2016.11.27"]
[Round "7.71"]
[White "Weil, Michael"]
[Black "Reinhold, Günther"]
[Result "1-0"]
[WhiteElo "1957"]
[BlackElo "1834"]
[PlyCount "131"]
[EventDate "2016.??.??"]
[WhiteTeam "SC Steinbach"]
[BlackTeam "Frankfurter TV"]

1. d4 Nf6 2. Nf3 e6 3. e3 b6 4. Bd3 Bb7 5. O-O d5 6. Ne5 Nbd7 7. f4 c5 8. c3
Rc8 9. Nd2 Ne4 10. Nxe4 dxe4 11. Bb5 Rc7 12. Bxd7+ Rxd7 13. Nxd7 Qxd7 14. dxc5
Bxc5 15. Qxd7+ Kxd7 16. Rd1+ Kc7 17. b4 Be7 18. Bb2 Bf6 19. Rd2 Ba6 20. a4 Bd3
21. c4 Bxb2 22. Rxb2 Rb8 23. Rc1 Kc6 24. c5 b5 25. axb5+ Rxb5 26. Ra1 Rb7 27.
Kf2 a6 28. Ke1 Rd7 29. Rd1 f6 30. g3 Kb5 31. Ra1 Bc4 32. Rc1 Bd3 33. Rd1 Kc6
34. Kd2 Bb5+ 35. Kc1 Bd3 36. Rb3 Rd5 37. Kb2 h6 38. Ra3 g5 39. Kc3 h5 40. fxg5
fxg5 41. Rda1 Kb7 42. Rd1 Rf5 43. Ra2 Rf3 44. Rxd3 exd3 45. Kxd3 Rf1 46. Rb2
Kc6 47. Kd4 Re1 48. e4 h4 49. gxh4 gxh4 50. Ke5 Kb5 51. Rc2 Kc6 52. Rd2 Rb1 53.
Rd6+ Kb7 54. Rb6+ Kc7 55. Kxe6 Rb2 56. h3 Rb3 57. Kd5 Rxh3 58. Rxa6 Rd3+ 59.
Kc4 Re3 60. Kd4 Rb3 61. Kc4 Re3 62. b5 Rxe4+ 63. Kd5 Rb4 64. b6+ Kb7 65. Ra7+
Kb8 66. Kc6 1-0

[Event "Sparkassen-Open A"]
[Site "Heusenstamm, Martinsee"]
[Date "2016.11.27"]
[Round "7.72"]
[White "Fröhlich-Dill, Astrid"]
[Black "Cors, Heinz-Friedrich"]
[Result "1/2-1/2"]
[WhiteElo "1827"]
[BlackElo "1925"]
[PlyCount "34"]
[EventDate "2016.??.??"]
[WhiteTeam "SV Hofheim"]
[BlackTeam "Schachforum Darmstadt"]

1. d4 Nf6 2. c4 e6 3. Nc3 Bb4 4. Bd2 O-O 5. Qc2 d5 6. e3 b6 7. Nf3 Bb7 8. cxd5
exd5 9. Bd3 Re8 10. O-O Bd6 11. Nb5 c5 12. Nxd6 Qxd6 13. Ne5 g6 14. f4 Ne4 15.
f5 Re7 16. fxg6 hxg6 17. Rf3 Nc6 1/2-1/2

[Event "Sparkassen-Open A"]
[Site "Heusenstamm, Martinsee"]
[Date "2016.11.27"]
[Round "7.73"]
[White "Laux, Dominik"]
[Black "Oltzen, Samuel"]
[Result "0-1"]
[WhiteElo "1642"]
[BlackElo "1850"]
[PlyCount "98"]
[EventDate "2016.??.??"]
[WhiteTeam "VSG Offenbach"]
[BlackTeam "Lübecker SV"]

1. d4 Nf6 2. Nc3 d5 3. Bf4 e6 4. e3 Bd6 5. Bg3 O-O 6. Bd3 b6 7. Nf3 c5 8. Ne5
a6 9. O-O c4 10. Be2 b5 11. a3 Qb6 12. Bf3 Bb7 13. Re1 a5 14. e4 b4 15. axb4
axb4 16. Rxa8 Bxa8 17. Nb1 Bxe5 18. Bxe5 Nxe4 19. Bxe4 dxe4 20. Nd2 Qc6 21. Qg4
f6 22. Bxb8 Rxb8 23. Qxe4 Qxe4 24. Nxe4 Rd8 25. c3 e5 26. dxe5 Bxe4 27. f3 Bc6
28. exf6 bxc3 29. bxc3 gxf6 30. Re6 Ba4 31. Rxf6 Rd3 32. Kf2 Rxc3 33. g4 Rc2+
34. Kg3 c3 35. Ra6 Be8 36. Ra8 Kf8 37. h4 Rc1 38. Rc8 c2 39. Kf4 Ke7 40. Rc7+
Kd8 41. Rc4 Bg6 42. h5 Bd3 43. Rd4+ Ke7 44. Rxd3 Rd1 45. Rc3 c1=Q+ 46. Rxc1
Rxc1 47. Kg5 Rc6 48. f4 h6+ 49. Kh4 Rc4 0-1

[Event "Sparkassen-Open A"]
[Site "Heusenstamm, Martinsee"]
[Date "2016.11.27"]
[Round "7.74"]
[White "Lukas, Hubertus"]
[Black "Rack, Matthias"]
[Result "0-1"]
[WhiteElo "1816"]
[BlackElo "2038"]
[PlyCount "64"]
[EventDate "2016.??.??"]
[WhiteTeam "SC Siersburg"]
[BlackTeam "SF Neuberg"]

1. e4 g6 2. d4 Bg7 3. f4 d6 4. c3 c6 5. Be3 Nd7 6. Bd3 e5 7. Ne2 Nh6 8. O-O O-O
9. Nd2 Ng4 10. Rf3 Nxe3 11. Rxe3 exf4 12. Nxf4 Nf6 13. Qc2 Ng4 14. Rg3 Qh4 15.
Nf3 Qf6 16. Qd2 Bh6 17. Rxg4 Bxg4 18. Nd5 cxd5 19. Qxh6 Bxf3 20. gxf3 Qxf3 21.
Bc2 dxe4 22. Rf1 Qg4+ 23. Kh1 d5 24. Bd1 Qe6 25. h4 e3 26. Be2 Rae8 27. h5 Qh3+
28. Kg1 Qg3+ 29. Kh1 Re4 30. hxg6 Rh4+ 31. Qxh4 Qxh4+ 32. Kg1 fxg6 0-1

[Event "Sparkassen-Open A"]
[Site "Heusenstamm, Martinsee"]
[Date "2016.11.27"]
[Round "7.75"]
[White "Mager, Thomas"]
[Black "Schmitt, Carsten"]
[Result "1/2-1/2"]
[WhiteElo "1832"]
[BlackElo "2025"]
[PlyCount "62"]
[EventDate "2016.??.??"]
[WhiteTeam "vereinslos"]
[BlackTeam "SV Bergwinkel"]

1. c4 Nf6 2. g3 c6 3. Bg2 d5 4. cxd5 cxd5 5. Nf3 Bf5 6. d4 Nc6 7. O-O e6 8. Bf4
Ne4 9. Nc3 Nxc3 10. bxc3 Bd6 11. Bxd6 Qxd6 12. Nh4 Be4 13. Bxe4 dxe4 14. Qb1 g5
15. Ng2 f5 16. Qxb7 O-O 17. Qb1 Rac8 18. e3 Na5 19. Qb4 Qd5 20. Rfc1 Nc4 21.
Rc2 a5 22. Qb1 Na3 23. Qd1 Nxc2 24. Qxc2 Rc4 25. h4 h6 26. Qe2 g4 27. Rc1 Qc6
28. Qb2 Rc8 29. Nf4 Rxc3 30. Rxc3 Qxc3 31. Qb6 Qc6 1/2-1/2

[Event "Sparkassen-Open A"]
[Site "Heusenstamm, Martinsee"]
[Date "2016.11.27"]
[Round "7.76"]
[White "Mehringer, Jörg"]
[Black "Schellen, Sven"]
[Result "0-1"]
[WhiteElo "1965"]
[BlackElo "1845"]
[PlyCount "114"]
[EventDate "2016.??.??"]
[WhiteTeam "Schachpinguine Berlin"]
[BlackTeam "SF Frankfurt"]

1. e4 e5 2. Nf3 Nc6 3. Bc4 Nf6 4. Ng5 d5 5. exd5 Na5 6. Bb5+ c6 7. dxc6 bxc6 8.
Bd3 h6 9. Ne4 Nd5 10. O-O Nf4 11. Be2 Be7 12. d3 O-O 13. Bxf4 exf4 14. Nbc3 Rb8
15. Rb1 Re8 16. a3 f5 17. Nd2 Bf6 18. Bh5 Re6 19. Re1 Qe7 20. Rxe6 Qxe6 21. Qe2
Qxe2 22. Bxe2 g5 23. Na4 Be6 24. b4 Nb7 25. Bf3 Rc8 26. c4 g4 27. Be2 Re8 28.
Kf1 Nd6 29. Nc5 Bf7 30. Ndb3 Re7 31. f3 h5 32. Na5 Be8 33. a4 Bc3 34. Rb3 Bd4
35. Na6 Kg7 36. c5 Nb7 37. Nc4 Bf7 38. Rb1 Bd5 39. Rc1 Kf6 40. Rc2 Kg5 41. Nd2
h4 42. b5 Rh7 43. Nb4 Nxc5 44. Nxc6 Be3 45. Nb4 Bb7 46. a5 h3 47. Nc4 hxg2+ 48.
Kxg2 Nb3 49. Nxe3 fxe3 50. Nc6 Rh3 51. fxg4 fxg4 52. Bxg4 Rh6 53. Bf3 Rd6 54.
Rc3 Nd2 55. d4 Kf4 56. Be2 Rg6+ 57. Kh1 Ne4 0-1

[Event "Sparkassen-Open A"]
[Site "Heusenstamm, Martinsee"]
[Date "2016.11.27"]
[Round "7.77"]
[White "Schmieder, Stefan"]
[Black "Bernhart, Joseph"]
[Result "0-1"]
[WhiteElo "1821"]
[BlackElo "1945"]
[PlyCount "69"]
[EventDate "2016.??.??"]
[WhiteTeam "SC Bad Soden"]
[BlackTeam "SG Kaiserslautern"]

1. e4 d5 2. exd5 Qxd5 3. Nc3 Qd8 4. d4 Nf6 5. Bc4 a6 6. a4 Nc6 7. Nge2 Bf5 8.
O-O Nb4 9. Bb3 e6 10. Ng3 Bg6 11. Bg5 Be7 12. Re1 O-O 13. Qd2 c6 14. Nce4 Nxe4
15. Nxe4 Nd5 16. Bxe7 Qxe7 17. c3 Rfe8 18. Ng5 Qd6 19. g3 Nf6 20. Nf3 Rad8 21.
Qg5 h6 22. Qe5 Bf5 23. Kg2 Qd7 24. a5 Ng4 25. Qc5 Qd6 26. Qb6 Rd7 27. h3 Nf6
28. Ne5 Nd5 29. Bxd5 Qxd5+ 30. f3 Rde7 31. c4 Qd8 32. Qxd8 Rxd8 33. c5 Rxd4 34.
Red1 Rd5 35. b4 0-1

[Event "Sparkassen-Open A"]
[Site "Heusenstamm, Martinsee"]
[Date "2016.11.27"]
[Round "7.79"]
[White "Marchese, Gaspare"]
[Black "Kail, Sindy"]
[Result "0-1"]
[WhiteElo "1933"]
[BlackElo "1848"]
[PlyCount "78"]
[EventDate "2016.??.??"]
[WhiteTeam "SC Matt im Park"]
[BlackTeam "SK Klingenberg"]

1. e4 c5 2. d4 cxd4 3. c3 dxc3 4. Nxc3 Nc6 5. Nf3 e6 6. Bc4 a6 7. O-O Nge7 8.
Bg5 f6 9. Be3 b5 10. Bb3 Ng6 11. Qe2 Bd6 12. Rfd1 Qe7 13. Nd4 Nxd4 14. Rxd4 O-O
15. Rad1 Be5 16. R4d3 Nf4 17. Bxf4 Bxf4 18. Nd5 exd5 19. Bxd5+ Kh8 20. Bxa8 f5
21. f3 fxe4 22. Bxe4 Qc5+ 23. Qf2 Bxh2+ 24. Kf1 Qe5 25. Qd4 Qh5 26. Qf2 Be5 27.
R3d2 d6 28. Rc2 g5 29. Rc7 h6 30. Rh7+ Kg8 31. Re7 g4 32. Qg1 Qh4 33. Bd5+ Kh8
34. Qa7 Bf5 35. Rb7 Qh1+ 36. Qg1 Qh4 37. Ra7 gxf3 38. Bxf3 Qc4+ 39. Ke1 Bg3+
0-1

[Event "Sparkassen-Open A"]
[Site "Heusenstamm, Martinsee"]
[Date "2016.11.27"]
[Round "7.80"]
[White "Modric, Vladimir"]
[Black "Berkes, Jörg"]
[Result "0-1"]
[WhiteElo "1928"]
[BlackElo "1833"]
[PlyCount "30"]
[EventDate "2016.??.??"]
[WhiteTeam "SC Nied"]
[BlackTeam "SK Langen"]

1. d4 Nf6 2. Nf3 g6 3. Bf4 Bg7 4. e3 Nh5 5. Be5 f6 6. Bg3 d6 7. Bc4 Bg4 8. c3
d5 9. Be2 Nxg3 10. hxg3 Qd6 11. Nbd2 Qb6 12. Qc2 e5 13. dxe5 fxe5 14. O-O-O Nd7
15. Rxh7 Rxh7 0-1

[Event "Sparkassen-Open A"]
[Site "Heusenstamm, Martinsee"]
[Date "2016.11.27"]
[Round "7.81"]
[White "Bachmann, Nick"]
[Black "Thomele, Michael"]
[Result "1-0"]
[WhiteElo "1803"]
[BlackElo "1928"]
[PlyCount "69"]
[EventDate "2016.??.??"]
[WhiteTeam "SG Wächtersbach"]
[BlackTeam "SC Obernau"]

1. e4 c5 2. c3 d6 3. d4 cxd4 4. cxd4 e6 5. Nf3 Be7 6. Nc3 a6 7. a4 Nf6 8. Bd3
Nc6 9. h3 e5 10. d5 Nb8 11. Be3 O-O 12. O-O Nbd7 13. a5 h6 14. Nd2 Nh7 15. Nc4
Ng5 16. Rc1 f6 17. f3 Qe8 18. b4 Qg6 19. Kh2 Qf7 20. Qd2 Qh5 21. Be2 Qg6 22. g4
h5 23. Rh1 Kf7 24. Kg2 Re8 25. gxh5 Qh7 26. h4 Nxe4 27. Nxe4 Rg8 28. Ncxd6+
Bxd6 29. Nxd6+ Ke7 30. Nxc8+ Raxc8 31. d6+ Kd8 32. Rxc8+ Kxc8 33. Rc1+ Kb8 34.
Qc2 g5 35. Qxh7 1-0

[Event "Sparkassen-Open A"]
[Site "Heusenstamm, Martinsee"]
[Date "2016.11.27"]
[Round "7.82"]
[White "Binner, Peter"]
[Black "Bittner, Peter"]
[Result "0-1"]
[WhiteElo "1802"]
[BlackElo "1922"]
[PlyCount "56"]
[EventDate "2016.??.??"]
[WhiteTeam "Vorw.Orient Mainz"]
[BlackTeam "SC Nied"]

1. c4 Nf6 2. Nc3 e6 3. d4 Bb4 4. Qc2 d5 5. e3 c6 6. a3 Ba5 7. b4 Bc7 8. Nf3
Nbd7 9. Bd3 O-O 10. O-O e5 11. cxd5 exd4 12. Nxd4 cxd5 13. Ncb5 Bb6 14. Nf3 a6
15. Nbd4 Re8 16. Bb2 Nf8 17. Rac1 Bd7 18. Nf5 Rc8 19. Qb1 Bc7 20. Qa1 Ne6 21.
Nh6+ Kf8 22. Bxf6 Qxf6 23. Qxf6 gxf6 24. Nf5 Ng5 25. Nd2 Ne4 26. Rc2 Ba4 27.
Bxe4 dxe4 28. Rc3 Bxh2+ 0-1

[Event "Sparkassen-Open A"]
[Site "Heusenstamm, Martinsee"]
[Date "2016.11.27"]
[Round "7.83"]
[White "Lanz, Udo"]
[Black "Sauer, Bernd"]
[Result "1/2-1/2"]
[WhiteElo "1802"]
[BlackElo "1834"]
[PlyCount "89"]
[EventDate "2016.??.??"]
[WhiteTeam "VSG Offenbach"]
[BlackTeam "SF Katernberg"]

1. e4 c6 2. d4 d5 3. f3 e6 4. Bf4 Ne7 5. c3 Ng6 6. Bg3 Be7 7. Bd3 b6 8. Qe2 O-O
9. Nh3 c5 10. O-O Nc6 11. Bf2 Bb7 12. e5 Rc8 13. Nd2 cxd4 14. cxd4 Nb4 15. Rac1
Nxd3 16. Qxd3 Qd7 17. Be3 Qa4 18. Qb1 Ba6 19. Rfd1 f6 20. f4 Nh4 21. Bf2 Nf5
22. Nf3 Be2 23. Rd2 Bxf3 24. gxf3 Rxc1+ 25. Qxc1 Qxa2 26. Kg2 Qa4 27. Rd3 Bb4
28. Ng1 Qa6 29. Rb3 Rc8 30. Qd1 Rc4 31. exf6 gxf6 32. Rxb4 Rxb4 33. Qe1 Rxb2
34. Qxe6+ Kg7 35. Qxf5 Qb7 36. Qg4+ Kh8 37. Qe6 Qg7+ 38. Kf1 Rb1+ 39. Ke2 Rxg1
40. Bxg1 Qxg1 41. Qxf6+ Qg7 42. Qd8+ Qg8 43. Qf6+ Qg7 44. Qd8+ Qg8 45. Qf6+
1/2-1/2

[Event "Sparkassen-Open A"]
[Site "Heusenstamm, Martinsee"]
[Date "2016.11.27"]
[Round "7.84"]
[White "Thomas, Tobias"]
[Black "Elbert, Thomas"]
[Result "1/2-1/2"]
[WhiteElo "1842"]
[BlackElo "1710"]
[PlyCount "77"]
[EventDate "2016.??.??"]
[WhiteTeam "SK Langen"]
[BlackTeam "SF Sailauf"]

1. e4 Nf6 2. d3 d6 3. Nf3 Bg4 4. Nbd2 Nbd7 5. g3 e6 6. Bg2 g6 7. O-O Bg7 8. h3
Bxf3 9. Nxf3 O-O 10. Nh2 c6 11. f4 Nh5 12. g4 Bd4+ 13. Rf2 Ng7 14. Nf3 Bxf2+
15. Kxf2 Qc7 16. Kg1 Rae8 17. Qe1 f6 18. b3 e5 19. f5 g5 20. Ba3 c5 21. Bb2 Nb8
22. Nd2 Nc6 23. c3 b5 24. Nf1 a5 25. Ne3 Ne7 26. a3 Kf7 27. Bf3 Rh8 28. Qe2 Qb6
29. Kg2 h6 30. Rh1 Ra8 31. Rc1 Ne8 32. Qd2 Nc7 33. Bd1 Nc6 34. Ba1 Rhd8 35. Nd5
Qb7 36. Bb2 Ne7 37. c4 Ncxd5 38. exd5 bxc4 39. bxc4 1/2-1/2

[Event "Sparkassen-Open A"]
[Site "Heusenstamm, Martinsee"]
[Date "2016.11.27"]
[Round "7.86"]
[White "Ebeling, Leander"]
[Black "Schubert, Wolfgang"]
[Result "1/2-1/2"]
[WhiteElo "1691"]
[BlackElo "1845"]
[PlyCount "63"]
[EventDate "2016.??.??"]
[WhiteTeam "SK Mainaschaff"]
[BlackTeam "Wiesbadener SV"]

1. c4 c6 2. Nc3 d5 3. e3 Nf6 4. Nf3 e6 5. d4 Be7 6. Bd3 O-O 7. O-O b6 8. Re1
Nbd7 9. Qc2 Bb7 10. Ne5 c5 11. f4 Rc8 12. b3 Re8 13. h3 Nf8 14. g4 cxd4 15. Nb5
dxc4 16. bxc4 Bb4 17. Bd2 Bxd2 18. Qxd2 dxe3 19. Rxe3 a6 20. Nd6 Qc7 21. Nexf7
Ba8 22. Nxe8 Rxe8 23. Ne5 N8d7 24. Nxd7 Qxd7 25. Rd1 Qc6 26. Bf1 Qh1+ 27. Kf2
Ne4+ 28. Rxe4 Qxe4 29. Qe3 Qc6 30. Rb1 b5 31. Rc1 bxc4 32. Rxc4 1/2-1/2

[Event "Sparkassen-Open A"]
[Site "Heusenstamm, Martinsee"]
[Date "2016.11.27"]
[Round "7.87"]
[White "Zerhusen, Martin"]
[Black "Köllner, Aaron Noah"]
[Result "1/2-1/2"]
[WhiteElo "1774"]
[BlackElo "1843"]
[PlyCount "143"]
[EventDate "2016.??.??"]
[WhiteTeam "SV Oberursel"]
[BlackTeam "SV Bergneustadt/Derschlag"]

1. d4 Nf6 2. Nf3 c5 3. d5 e6 4. dxe6 fxe6 5. c4 Be7 6. Nc3 O-O 7. e4 Nc6 8. Bd3
d6 9. O-O Nd7 10. a3 b6 11. Rb1 Bf6 12. Nb5 Nde5 13. Nxe5 Bxe5 14. f4 Bf6 15.
Bc2 Nd4 16. Nc3 Bb7 17. Bd3 Qe7 18. Be3 Kh8 19. Ne2 e5 20. f5 Bg5 21. Bxd4 exd4
22. Ng3 Be3+ 23. Kh1 Rf6 24. Qg4 Rh6 25. f6 Rxf6 26. Nf5 Qc7 27. Nxe3 dxe3 28.
Rxf6 gxf6 29. Qf4 Qe7 30. Re1 Rg8 31. Rxe3 Qe5 32. Rf3 Rg6 33. Qxe5 dxe5 34. h3
Kg7 35. Kg1 h5 36. Kf2 h4 37. Rf5 Rg3 38. Rf3 Rg5 39. g4 hxg3+ 40. Rxg3 Kh6 41.
Rxg5 Kxg5 42. Kg3 f5 43. exf5 e4 44. Be2 Kxf5 45. h4 Bc6 46. Bf1 Be8 47. Be2
Bf7 48. h5 Kg5 49. a4 a6 50. b3 Be8 51. Bd1 Kf5 52. Be2 Ke5 53. h6 Bg6 54. Kf2
Kd4 55. Bd1 Kd3 56. Ke1 Ke3 57. Be2 Kf4 58. Bh5 Bh7 59. Ke2 Kg5 60. Bf7 Kxh6
61. Ke3 Bf5 62. Be8 Kg5 63. Bc6 Bg4 64. Kxe4 Bd1 65. Kd5 Bxb3 66. Bd7 Kf6 67.
Bc8 b5 68. axb5 axb5 69. Kxc5 bxc4 70. Kd4 Ke7 71. Ba6 Ke6 72. Bxc4+ 1/2-1/2

[Event "Sparkassen-Open A"]
[Site "Heusenstamm, Martinsee"]
[Date "2016.11.27"]
[Round "7.88"]
[White "Midanka, Vladimir Josef"]
[Black "Draxler, Gottfried"]
[Result "1-0"]
[WhiteElo "1752"]
[BlackElo "1829"]
[PlyCount "115"]
[EventDate "2016.??.??"]
[WhiteTeam "SC Brett vorm Kopp"]
[BlackTeam "SF Neuberg"]

1. Nf3 Nf6 2. d4 d5 3. Bf4 e6 4. h3 c5 5. e3 Nc6 6. c3 Be7 7. Bd3 c4 8. Bc2 b5
9. Nbd2 Bb7 10. O-O O-O 11. Ng5 h6 12. Ngf3 Bd6 13. Bxd6 Qxd6 14. e4 dxe4 15.
Nxe4 Nxe4 16. Bxe4 Nd8 17. Bxb7 Nxb7 18. Ne5 Qd5 19. Qg4 Nd6 20. Nd7 f5 21. Qh5
Rf7 22. Ne5 Re7 23. Rfe1 Rf8 24. Re2 Rf6 25. Rae1 Kh7 26. Qf3 Qxf3 27. Nxf3 Ne4
28. Ne5 Kg8 29. Kh2 Ng5 30. h4 Nh7 31. g3 Nf8 32. h5 Rb7 33. a3 Rb6 34. Kg2 Rd6
35. f3 a5 36. a4 b4 37. Nxc4 Rd5 38. Re5 bxc3 39. bxc3 Kf7 40. Nxa5 Nd7 41.
Rxd5 exd5 42. Ra1 Rb6 43. Ra3 Rb2+ 44. Kf1 Nb6 45. Nc6 Nc4 46. Ne5+ Ke6 47.
Nxc4 dxc4 48. a5 Rb3 49. Ra1 Rb7 50. a6 Ra7 51. Ra5 Kf6 52. f4 Ke6 53. Ke2 Kf6
54. Kf3 g6 55. hxg6 Kxg6 56. g4 fxg4+ 57. Kxg4 Kg7 58. f5 1-0

[Event "Sparkassen-Open A"]
[Site "Heusenstamm, Martinsee"]
[Date "2016.11.27"]
[Round "7.89"]
[White "Eg, Karlheinz"]
[Black "Hinz, André"]
[Result "1-0"]
[WhiteElo "1820"]
[BlackElo "1693"]
[PlyCount "105"]
[EventDate "2016.??.??"]
[WhiteTeam "SV Rüsselsheim"]
[BlackTeam "SC Brett vorm Kopp"]

1. e4 Nc6 2. d4 e5 3. Nf3 exd4 4. Bc4 Nf6 5. O-O Nxe4 6. Re1 d5 7. Bxd5 Qxd5 8.
Nc3 Qd8 9. Nxe4 Be7 10. Bg5 Be6 11. Bxe7 Qxe7 12. Nxd4 Rd8 13. Nxc6 Rxd1 14.
Nxe7 Rxa1 15. Rxa1 Kxe7 16. Re1 Rd8 17. Nc5 Rd2 18. Nxe6 fxe6 19. Rc1 e5 20.
Kf1 Ke6 21. Ke1 Rd6 22. Rd1 Rxd1+ 23. Kxd1 Kf5 24. Ke2 g5 25. h3 h5 26. Ke3 e4
27. b4 Ke5 28. c4 c6 29. a4 b6 30. b5 c5 31. g3 Kf5 32. Ke2 h4 33. Ke3 hxg3 34.
fxg3 Ke5 35. h4 gxh4 36. gxh4 Kf5 37. h5 Kg5 38. Kxe4 Kxh5 39. Kd5 Kg4 40. Kc6
Kf4 41. Kb7 Ke4 42. Kxa7 Kd4 43. Kxb6 Kxc4 44. a5 Kb4 45. a6 c4 46. a7 Kb3 47.
a8=Q Kb2 48. Qc8 c3 49. Ka7 c2 50. b6 Ka1 51. Qc3+ Kb1 52. Qxc2+ Kxc2 53. b7
1-0

[Event "Sparkassen-Open A"]
[Site "Heusenstamm, Martinsee"]
[Date "2016.11.27"]
[Round "7.90"]
[White "Paeslack, Luis"]
[Black "Nickel, Jonas"]
[Result "1/2-1/2"]
[WhiteElo "1796"]
[BlackElo "1777"]
[PlyCount "52"]
[EventDate "2016.??.??"]
[WhiteTeam "SK Mainaschaff"]
[BlackTeam "SG Wächtersbach"]

1. d4 d5 2. c4 c6 3. Nc3 Nf6 4. Nf3 e6 5. Bg5 Nbd7 6. e3 a6 7. Bd3 dxc4 8. Bxc4
b5 9. Bb3 Be7 10. O-O Bb7 11. Rc1 c5 12. Qe2 c4 13. Bc2 Nd5 14. Bxe7 Nxc3 15.
bxc3 Qxe7 16. e4 O-O 17. a4 Nb6 18. Rb1 Bc6 19. axb5 axb5 20. Ne5 Be8 21. Rb4
f6 22. Ng4 Ra3 23. Qd2 Bc6 24. Ne3 Qb7 25. f3 Rfa8 26. Rfb1 Ra1 1/2-1/2

[Event "Sparkassen-Open A"]
[Site "Heusenstamm, Martinsee"]
[Date "2016.11.27"]
[Round "7.91"]
[White "Bunjaku, Lulzim"]
[Black "Wagner, Günter"]
[Result "1/2-1/2"]
[WhiteElo "1788"]
[BlackElo "1725"]
[PlyCount "45"]
[EventDate "2016.??.??"]
[WhiteTeam "SC Heusenstamm"]
[BlackTeam "SV Groß-Gerau"]

1. f4 Nf6 2. Nf3 d6 3. e3 c5 4. Nc3 g6 5. Bc4 d5 6. Bb5+ Bd7 7. Bxd7+ Nbxd7 8.
d4 Bg7 9. Ne5 O-O 10. O-O e6 11. b3 a6 12. a4 cxd4 13. exd4 Rc8 14. Rf3 Nb8 15.
b4 Nc6 16. b5 Na5 17. bxa6 bxa6 18. Ba3 Re8 19. Qd3 Nc4 20. Bc5 Nd7 21. Nxd7
Qxd7 22. a5 Rb8 23. Na4 1/2-1/2

[Event "Sparkassen-Open A"]
[Site "Heusenstamm, Martinsee"]
[Date "2016.11.27"]
[Round "7.92"]
[White "Köllner, Felicitas Ophelia"]
[Black "Donecker, Stefan"]
[Result "0-1"]
[WhiteElo "1670"]
[BlackElo "1788"]
[PlyCount "54"]
[EventDate "2016.??.??"]
[WhiteTeam "SV Bergneustadt/Derschlag"]
[BlackTeam "TuS Dotzheim"]

1. d4 d5 2. Nf3 Nc6 3. e3 Bg4 4. Nbd2 e6 5. Bb5 Nf6 6. h3 Bxf3 7. Nxf3 a6 8.
Bd3 Nb4 9. Ne5 c5 10. c3 Nxd3+ 11. Nxd3 c4 12. Ne5 Bd6 13. Nf3 O-O 14. O-O Qe7
15. a4 b6 16. Re1 Ne4 17. Nd2 f5 18. f3 Qh4 19. fxe4 fxe4 20. Nf1 Rf6 21. Bd2
Rg6 22. Kh1 Rf8 23. Qe2 Rf2 24. Qxf2 Qxf2 25. g4 Rh6 26. g5 Rxh3+ 27. Nh2 Rxh2#
0-1

[Event "Sparkassen-Open A"]
[Site "Heusenstamm, Martinsee"]
[Date "2016.11.27"]
[Round "7.93"]
[White "Kirchner, Markus"]
[Black "Balhar, Michael"]
[Result "0-1"]
[WhiteElo "1682"]
[BlackElo "1758"]
[PlyCount "72"]
[EventDate "2016.??.??"]
[WhiteTeam "SF Schöneck"]
[BlackTeam "SC Erlangen"]

1. e4 c5 2. Nf3 e6 3. d4 cxd4 4. Nxd4 a6 5. c4 Nf6 6. f3 Bc5 7. Nc3 Qb6 8. Na4
Bb4+ 9. Nc3 Qc7 10. Be3 d5 11. Qb3 Bxc3+ 12. Qxc3 dxe4 13. fxe4 Nxe4 14. Qc2
Qa5+ 15. Bd2 Nxd2 16. Qxd2 Qxd2+ 17. Kxd2 Bd7 18. Be2 Nc6 19. Nxc6 Bxc6 20. Bf3
Bxf3 21. gxf3 O-O-O+ 22. Kc3 Rd6 23. Rhg1 g6 24. Rgd1 Rhd8 25. Rxd6 Rxd6 26.
Re1 Kc7 27. Re4 Rd1 28. Rf4 f5 29. Kc2 Rf1 30. Rh4 Rxf3 31. Rxh7+ Kc6 32. Rh6
Rf2+ 33. Kc3 Rg2 34. h4 Kd6 35. b4 Rg3+ 36. Kc2 f4 0-1